000 00970nam a22002297a 4500
005 20240530110609.0
008 160721s2014 ua abk f 000 0 ara d
017 _a2013/21590
_bمصر . دار الكتب المصرية
020 _a9789774115059
040 _aEG-CaGPL
082 0 4 _221
_a910.02\
_bم ب
100 0 _aمحمد ابراهيم حسن
245 1 2 _aالبيئات و تنوع مصادر المياه :
_bدراسة اقليمية تحليلية مقارنة /
_cمحمد ابراهيم حسن ؛ اشرف على اعدادة و قدم له السيد على شتا
250 _aط. 1
260 _aالقاهرة :
_bالمكتبة المصرية للنشر و التوزيع ،
_c2014 .
300 _a360 ص. :
_bايض ؛
_c24 سم .
504 _aيشتمل على ارجاعات ببليوجرافية
650 0 4 _aمصادر المياه
650 0 4 _aالمياه الجوفية
700 0 _aالسيد على شتا
942 _2ddc
_cBK
999 _c62827
_d62827